000 00749nam a2200289Ia 4500
005 20260324150135.0
008 008 260324s9999 xx 000 0 eng d
020 _a9781315674940
037 _aEBOOK
040 _aCRL
040 _beng
040 _cCRL
041 _2eng
041 _aeng
084 _qCRL
100 _aAnton-Hermann Chroust
_91225393
245 0 _aAristotle: New Light on His Life and On Some of His Lost Works, Volume 1
245 0 _bSome Novel Interpretations of the Man and His Life
260 _bTaylor and Francis
260 _c1973
365 _a
365 _b240
856 _uhttp://www.taylorfrancis.com/books/9781315674940
942 _cEBOOK
999 _c1834354
_d1834354